[Event "BAN-chT (Women)"]
[Site "Dhaka"]
[Date "2021.09.12"]
[Round "5.1"]
[White "Ferdousi, Ajmira"]
[Black "Khondoker, Sumaiya"]
[Result "0-1"]
[WhiteElo "1004"]
[BlackElo "1553"]
[PlyCount "34"]
[EventDate "2021.09.08"]
[EventType "team-tourn"]
[EventRounds "9"]
[EventCountry "BAN"]
[SourceTitle "CBM 204 Extra"]
[Source "ChessBase"]
[SourceDate "2021.11.30"]
[SourceVersion "1"]
[SourceVersionDate "2021.11.30"]
[SourceQuality "1"]
[WhiteTeam "Uttara Central CC (W)"]
[BlackTeam "Shahin CC (W)"]
[WhiteTeamCountry "BAN"]
[BlackTeamCountry "BAN"]

1. e4 e5 2. Nf3 Nc6 3. Bd3 Bc5 4. Bc4 d6 5. Nc3 Bg4 6. a3 a6 7. d3 Nf6 8. Bg5 Nd4 9. Nd5 Bxf3 10. Qd2 Bh5 11. Nxf6+ gxf6 12. Bh6 Rg8 13. 0-0 Nf3+ 14. Kh1 Nxd2 15. Bxd2 Qd7 16. b4 Qg4 17. f3 Qxg2# 0-1

[Event "BAN-chT (Women)"]
[Site "Dhaka"]
[Date "2021.09.08"]
[Round "1.2"]
[White "Khondoker, Sumaiya"]
[Black "Ahmed, Walijah"]
[Result "0-1"]
[WhiteElo "1553"]
[BlackElo "1904"]
[PlyCount "86"]
[EventDate "2021.09.08"]
[EventType "team-tourn"]
[EventRounds "9"]
[EventCountry "BAN"]
[SourceTitle "CBM 204 Extra"]
[Source "ChessBase"]
[SourceDate "2021.11.30"]
[SourceVersion "1"]
[SourceVersionDate "2021.11.30"]
[SourceQuality "1"]
[WhiteTeam "Shahin CC (W)"]
[BlackTeam "Bangladesh Navy (W)"]
[WhiteTeamCountry "BAN"]
[BlackTeamCountry "BAN"]

1. e4 c5 2. Nf3 e6 3. d4 cxd4 4. Nxd4 Nc6 5. Be3 Qc7 6. Bc4 a6 7. 0-0 Nf6 8. Nc3 Ne5 9. Be2 Bb4 10. f4 Nc4 11. Bxc4 Qxc4 12. Qd3 Qxd3 13. cxd3 Ng4 14. Bd2 0-0 15. h3 Bc5 16. Nce2 Nf6 17. Rac1 d6 18. Kh1 Bd7 19. b4 Bb6 20. Bc3 Rac8 21. a3 Rfe8 22. Bb2 e5 23. fxe5 dxe5 24. Nf5 Bxf5 25. Rxf5 Rxc1+ 26. Nxc1 Rc8 27. Nb3 Rd8 28. Rf3 Nd7 29. Nd2 f6 30. Nc4 Bd4 31. Bxd4 exd4 32. Rf5 b5 33. Nd2 Ne5 34. Nf3 Nxd3 35. Rd5 Rxd5 36. exd5 Nf4 37. d6 d3 38. Kg1 Kf7 39. Kf2 Ke6 40. Nd4+ Kxd6 41. Nf3 Kd5 42. h4 Kc4 43. g3 Nd5 0-1

[Event "BAN-ch (Women) 35th"]
[Site "Dhaka"]
[Date "2015.10.03"]
[Round "3"]
[White "Khondoker, Sumaiya"]
[Black "Sultana, Zakia"]
[Result "0-1"]
[WhiteElo "1696"]
[BlackElo "1928"]
[PlyCount "176"]
[EventDate "2015.10.01"]
[EventType "tourn"]
[EventRounds "11"]
[EventCountry "BAN"]
[SourceTitle "CBM 169 Extra"]
[Source "ChessBase"]
[SourceDate "2015.12.18"]
[SourceVersion "1"]
[SourceVersionDate "2015.12.18"]
[SourceQuality "1"]

1. e4 e6 2. d4 d5 3. exd5 exd5 4. Bd3 Bd6 5. Nf3 Nf6 6. 0-0 0-0 7. Be3 Bg4 8. Nbd2 c6 9. h3 Bh5 10. c3 Nbd7 11. Qc2 Qc7 12. Nh4 Bg6 13. Nxg6 hxg6 14. Nf3 Rfe8 15. Rfe1 a5 16. Ng5 Nf8 17. Re2 Bf4 18. Rae1 Bxe3 19. Rxe3 Rxe3 20. Rxe3 Re8 21. Qe2 Qd8 22. Rxe8 Nxe8 23. Nf3 Nf6 24. Ne5 Qd6 25. f4 N6d7 26. Qg4 Nxe5 27. fxe5 Qe6 28. Qd1 Qe7 29. Qb3 Ne6 30. Qc2 Qg5 31. Kh1 Qg3 32. Bf1 Qe1 33. Qe2 Qg3 34. Qf3 Qe1 35. Qe2 Qc1 36. g3 Kf8 37. Kh2 Ke7 38. Qf2 Qd1 39. Qe2 Qb1 40. a3 Qf5 41. Bg2 Qb1 42. Qd2 b5 43. h4 a4 44. Bh3 Qe4 45. Bg2 Qf5 46. Bh3 Qf3 47. Bg2 Qh5 48. Kh3 g5 49. Qf2 gxh4 50. gxh4 Qh6 51. Kh2 g5 52. Bh3 Nf4 53. Bc8 Qxh4+ 54. Qxh4 gxh4 55. Bf5 Kd8 56. Kg1 Ke7 57. Kh2 Ke8 58. Kg1 Ne2+ 59. Kf2 Ng3 60. Bg4 Ne4+ 61. Kg2 Nd2 62. Be2 Ke7 63. Kh3 f6 64. exf6+ Kxf6 65. Kxh4 Ke6 66. Kg5 Ne4+ 67. Kg6 Ng3 68. Bg4+ Kd6 69. Kf7 c5 70. Ke8 cxd4 71. cxd4 Ne4 72. Kd8 Kc6 73. Bd7+ Kb6 74. Ke7 Nd2 75. Ke6 Nc4 76. Kxd5 Nxb2 77. Be6 Nc4 78. Bf7 Nxa3 79. Kd6 Nc4+ 80. Bxc4 bxc4 81. d5 c3 82. Ke7 c2 83. d6 c1Q 84. d7 Qe3+ 85. Kd8 Qd4 86. Ke8 a3 87. d8Q+ Qxd8+ 88. Kxd8 a2 0-1